000
00343 a2200169 4500
001
74051
020
_a
850806716X
040
_c
Anchieta - Colégio São Paulo
100
_a
Antunes, Fernanda Maria
240
1
0
_a
Brasil
_l
por
245
1
0
_a
Brasil
300
_a
40
362
0
_a
1997
440
1
_a
Ática
650
4
_a
Brasil
942
_c
BK
999
_c
74051
_d
74051